Statistics for Skylanders: Trap Team Villains

Click here to take the quiz!

General Stats

  • This quiz has been taken 55 times
  • The average score is 34 of 46

Answer Stats

ElementAnswer% Correct
LifeChompy
93%
EarthGolden Queen
93%
WaterThe Gulper
90%
LifeChompy Mage
88%
FirePepper Jack
88%
LifeSheep Creep
85%
UndeadWolfgang
85%
KaosKaos
83%
TechDr. Krankcase
78%
MagicPain-Yatta
78%
LifeBroccoli Guy
76%
AirBuzzer Beak
76%
AirDreamcatcher
76%
UndeadHood Sickle
76%
WaterSlobber Trap
76%
UndeadBone Chompy
73%
WaterChill Bill
73%
DarkEye Scream
73%
MagicRage Mage
73%
AirBad Juju
71%
MagicBomb Shell
71%
WaterBrawl And Chain
71%
TechBruiser Cruiser
71%
EarthChomp Chest
71%
LightEye Five
71%
EarthGrave Clobber
71%
LightLuminous
71%
UndeadMasker Mind
71%
DarkNightshade
71%
TechShrednaught
71%
DarkTae Kwon Crow
71%
LightBlaster-Tron
68%
TechBrawlrus
68%
WaterCross Crow
68%
LifeCuckoo Clocker
68%
DarkFisticuffs
68%
AirKrankenstein
68%
FireScrap Shooter
68%
EarthTussle Sprout
68%
FireGrinnade
66%
LightLob Goblin
66%
TechMab Lobs
63%
LifeShield Shredder
63%
FireSmoke Scream
63%
WaterThreatpack
63%
TechTrolling Thunder
63%

Score Distribution

Percentile by Number Answered

Percent of People with Each Score

Your Score History

You have not taken this quiz